Introduction to numerical analysis
Gespeichert in:
| 1. Verfasser: | |
|---|---|
| Format: | Buch |
| Sprache: | Englisch |
| Veröffentlicht: |
Nueva York
McGraw-Hill
1974
|
| Ausgabe: | 2a. ed |
| Schriftenreihe: | International Series in Pure and Applied Mathematics
|
| Schlagworte: | |
| Tags: |
Tag hinzufügen
Keine Tags, Fügen Sie den ersten Tag hinzu!
|
MARC
| LEADER | 00000nam a2200000 a 4500 | ||
|---|---|---|---|
| 001 | UCU3038 | ||
| 003 | CL-VaPUC | ||
| 008 | 960502e19740000US |||||||||||||||||eng|d | ||
| 082 | 0 | 4 | |a 519.4 |b HIL |2 21 |
| 100 | |a Hildebrand, Francis B |e author |9 422834 | ||
| 245 | 1 | 0 | |a Introduction to numerical analysis |
| 250 | |a 2a. ed | ||
| 300 | |a 669 p | ||
| 942 | |c BK | ||
| 945 | |d 19960502 00:00:00 |a cmena | ||
| 260 | |a Nueva York |b McGraw-Hill |c 1974 | ||
| 650 | 0 | |a Análisis numérico |9 259387 | |
| 650 | 7 | |a PRECISION NUMERICA |2 CL-VaPUC |9 358862 | |
| 650 | 0 | |a Teoría de números |9 265327 | |
| 650 | 0 | |a Interpolación |9 358854 | |
| 650 | 0 | |a Ecuaciones diferenciales |9 260083 | |
| 650 | 7 | |a CUADRATURA NUMERICA |2 CL-VaPUC |9 359715 | |
| 583 | |a last modification |c 19960502 00:00:00 |k Rodrigo Vera | ||
| 490 | 0 | |a International Series in Pure and Applied Mathematics | |
| 999 | |c 247174 |d 247172 | ||